Diseño automático de estructuras de hormigón armado
Sparad:
| Huvudupphovsmän: | , |
|---|---|
| Materialtyp: | Bok |
| Språk: | spanska |
| Publicerad: |
Santiago
Universidad de Chile
1977
|
| Serie: | Publicación SES I 8-77, 135
|
| Ämnen: | |
| Taggar: |
Lägg till en tagg
Inga taggar, Lägg till första taggen!
|
MARC
| LEADER | 00000nam a2200000 a 4500 | ||
|---|---|---|---|
| 001 | UCU5873 | ||
| 003 | CL-VaPUC | ||
| 008 | 960614e19770000CL |||||||||||||||||spa|d | ||
| 082 | 0 | 4 | |a 624.183 |b REC |2 21 |
| 100 | 0 | |a Recabal S., Roberto P |e author |9 363926 | |
| 700 | 0 | |a Cassis M., Juan |e author |9 363927 | |
| 245 | 1 | 0 | |a Diseño automático de estructuras de hormigón armado |
| 300 | |a 245 p | ||
| 942 | |c BK | ||
| 945 | |d 19960614 00:00:00 |a cmena | ||
| 260 | |a Santiago |b Universidad de Chile |c 1977 | ||
| 650 | 7 | |a HORMIGON ARMADO |2 CL-VaPUC |9 363928 | |
| 650 | 0 | |a Materiales de construcción |9 260197 | |
| 650 | 0 | |a Propiedades mecánicas |9 262507 | |
| 650 | 7 | |a DISEÑOS INDUSTRIALES DIBUJO TECNICO |2 CL-VaPUC |9 363919 | |
| 650 | 0 | |a Gráficas |9 264054 | |
| 650 | 0 | |a Aplicaciones de computadores |9 260401 | |
| 650 | 0 | |a Ingeniería civil |9 260076 | |
| 583 | |a last modification |c 19960614 00:00:00 |k Rodrigo Vera | ||
| 490 | 0 | |a Publicación SES I 8-77, 135 | |
| 999 | |c 249030 |d 249028 | ||
| 952 | |0 0 |1 0 |4 0 |6 624_183000000000000_REC_1977 |7 0 |8 A |9 266034 |a BIBING |b BIBING |d 2019-11-19 |i 1682318 |o 624.183 REC 1977 |p 1682318 |r 2025-01-20 |w 2019-11-19 |y BK |k CCL | ||